000 00673nam a2200289Ia 4500
005 20260324131020.0
008 008 260324s9999 xx 000 0 eng d
020 _a9781315027036
037 _aEBOOK
040 _aCRL
040 _beng
040 _cCRL
041 _2eng
041 _aeng
084 _qCRL
100 _aJudith Kolbas
_91183894
245 4 _aThe Mongols in Iran
245 0 _bChingiz Khan to Uljaytu 1220–1309
260 _bTaylor and Francis
260 _c2006
365 _a
365 _b300
856 _uhttp://www.taylorfrancis.com/books/9781315027036
942 _cEBOOK
999 _c1780685
_d1780685